000 00704nam a22002177a 4500
999 _c20880
_d20880
003 AR-CdUCM
008 190509b ||||| |||| 00| 0 spa d
040 _aMUNICIPALIDAD PROVINCIAL DEL CUSCO
_cBIBLIOTECA MUNICIPAL DEL CUSCO
082 _a985.019 /
_bP17
100 _aPaiva de castro, Luiz
_918120
245 _aTauantinsuyo /
260 _aBrasil :
_bOlímpica,
_c1974.
300 _a116 páginas ;
_c21 cm.
500 _aTexto en el idioma de Portugués.
505 _aContenido: A historia de taapac -- Sentimiento antes de ir a Tiahuanaco -- A especie de homem...
650 _aPerú
_935
650 _aHistoria
_9136
650 _aÉpoca Inka
_96812
942 _2ddc
_cLIBROS
945 _arcc